00638nam a2200181Ia 4500952015500000999001700155003000400172005001700176008004100193020001800234040000900252082002200261100002900283245004200312260004300354300000900397942005000406 00102ddc40708SOCIAL SCIENCEaMESbMEScSOCIAL SCIENCEd2019-02-20g900.00l0o305.420954 PAR/Wp32721r2019-02-20 00:00:00w2019-02-20yBKzGL41R1 c21254d21254OSt20200615112704.0190216s9999||||xx |||||||||||||| ||und|| a9788126132270 coclc a305.420954bPAR/W aParveen, Shagufta 92882 0aWomen And Society /cShagufta Parveen bAnmol Publications,aNew Delhi:c2007. a316p cBK2ddch305.420954iPAR/Wk305.420954mPAR/W